00374pab a2200145 454500008004000000100002000040245005600060260000900116300001700125362000800142650002100150700001700171700001900188773002100207180718b2014 xxu||||| |||| 00| 0 eng d aMcCormack, John aHerding cats? Management and university performance c2014 ap.F534-F564. aAug aHigher education aSmith, Sarah aPropper, Carol aEconomic Journal